000
00226nam a22001097a 4500
020
_a
0-600-38264-8
082
_a
808.3 THR'E
245
_a
366 BEDTIME TALES
260
_a
LONDON
_b
HAMLYN
_c
1979
300
_a
237P
942
_c
BK
999
_c
581283
_d
581283